00278nam a2200121Ia 4500008004100000100001500041245002900056260002900085300000800114650001000122942000700132999001700139190216s9999||||xx |||||||||||||| ||und|| aNidha Fazh 0aHindi - Amko Bhar Aakash bDivi Internationalc2001 a160 aHindi cBK c16149d16149